| 000 | 00636cam a2200241 4500 | ||
|---|---|---|---|
| 001 | J60652 | ||
| 008 | 000000n2000 000 0 eng u | ||
| 035 | _a(Sirsi) u104056 | ||
| 041 | _aeng | ||
| 050 | _a333.33709424 | ||
| 110 |
_aDTZ Debenham Thorpe _92895 |
||
| 245 | _aAnnual property report 2000: the Midlands. | ||
| 260 |
_aBirmingham _bDTZ Debenham Tie Leung _c2000 |
||
| 300 | _a30p. ; 30cm. | ||
| 650 | _aINDUSTRIAL PROPERTY | ||
| 650 | _aOFFICES | ||
| 650 | _aPROPERTY MARKET | ||
| 650 | _aRETAIL PROPERTY | ||
| 650 | _aSHOPS | ||
| 650 | _aWEST MIDLANDS | ||
| 690 | _aPROPERTY-COMMERCIAL PROPERTY | ||
| 942 | _n0 | ||
| 999 |
_c100206 _d100206 |
||